000
00215nam a22000857a 4500
008
161020b xxu||||| |||| 00| 0 eng d
100
_9
906
_a
Olympiad
245
_a
English-6
260
_a
New Delhi
_b
3 Genx Publications
_c
2016
999
_c
3560
_d
3560